| 000 | 02137nam a2200229Ia 4500 | ||
|---|---|---|---|
| 003 | Ost | ||
| 005 | 20260507075723.0 | ||
| 008 | 260507s9999||||xx |||||||||||||| ||und|| | ||
| 020 | _a9789931248415 | ||
| 040 | _cfsecg | ||
| 041 | _aara | ||
| 082 | _a657.42 | ||
| 100 |
_aمبسوط، هوارية _eمؤلف |
||
| 245 | 0 |
_aالمحاسبة التحليلية / _c هوارية مبسوط |
|
| 260 |
_aالجزائر: _bدار الباحث للطباعة والنشر والتوزيع, _c2023 |
||
| 300 |
_a177 صفحة؛ _bإيضاحات ؛ _c24 سم |
||
| 504 | _aالمراجع ص.170 | ||
| 520 | _aيهدف هذا الكتاب الدراسي الموجه لطلبة السنة الثانية في تخصصي العلوم المالية والمحاسبة وعلوم التسيير إلى تقديم تحليل شامل لمختلف مفاهيم المحاسبة التحليلية. سيتم التركيز على تحديد العلاقة والفرق بين المحاسبة التحليلية والمحاسبة المالية، مع إبراز دور المحاسبة التحليلية وأهميتها في المؤسسات. سيتناول الكتاب كذلك طرق تحليل التكلفة التقليدية بشكل تفصيلي، بما في ذلك طريقة التكاليف الكلية، وطريقة التكاليف المتغيرة، وطريقة التحميل العقلاني، وطريقة التكاليف المعيارية، وطريقة التكلفة الهامشية. سيتم دعم الشرح النظري لكل طريقة بأمثلة تطبيقية عملية. من المهم الإشارة إلى أن هذا الكتاب يمثل مقدمة لموضوع المحاسبة التحليلية، حيث سيتم استكمال دراسة الطرق الحديثة في تحليل التكلفة في المستويات الدراسية الأعلى. لذا، فإن هذا الكتاب يشكل أساسًا متينًا لبناء فهم أعمق لهذا المجال. | ||
| 653 | _aالمحاسبة التحليلية | ||
| 653 | _aالمحاسبة المالية | ||
| 942 | _cكتاب | ||
| 999 |
_c45949 _d45949 |
||